000
00363nam a22001217a 4500
040
_c
HS
082
_a
577
100
_a
វន មុនិន្ទ
245
_a
រុក្ខវប្បកម្មនៅតំបន់ត្រូពិច Silviculture in the tropics
260
_a
RUA
_b
វន មុនិន្ទ
_c
1989
300
_a
140p;
942
_c
KB
999
_c
9043
_d
9043